000 00358nam a22001577a 4500
003 SGT
020 _a9789354641558
082 _a612.015
_bT22D
100 _aDevlin, Thomas M.
245 _aTextbook of Biochemistry with clinical correlation
250 _a7th
260 _bWiley
_c2022
300 _a1205
650 _aBiochemistry
942 _2ddc
_cBK
999 _c24794
_d24794